Histones and other nuclear proteins.

Bibliographic Details
Main Author: Busch, Harris
Format: Book
Language:English
Published: New York : Academic Press, 1965.
Subjects:

MARC

Tag First Indicator Second Indicator Subfields
LEADER 00000cam a2200000 4500
001 in00000047162
005 20151007065446.0
008 720724s1965 nyu b 00000 eng u
010 |a  65015770  
035 |a (OCoLC)00362955 
035 |9 AAE2032AM 
040 |c OUN  |d ONE  |d TXA  |d UtOrBLW 
049 |a TXAM  |c [412079] 
050 0 |a QP551  |b .B97 
060 0 |a QU 55 B978h 1965 
082 0 |a 574.8732 
092 |a 574.8732  |b B977h, 1965 
100 1 |a Busch, Harris. 
245 1 0 |a Histones and other nuclear proteins. 
264 1 |a New York :  |b Academic Press,  |c 1965. 
300 |a xiii, 266 pages :  |b illustrations ;  |c 24 cm. 
336 |a text  |b txt  |2 rdacontent 
337 |a unmediated  |b n  |2 rdamedia 
338 |a volume  |b nc  |2 rdacarrier 
504 |a Includes bibliographical references. 
650 0 |a Histones. 
650 0 |a Nucleoproteins. 
999 |a MARS 
999 f f |s 48eed623-7395-3be1-ba64-7e38aee73f37  |i 4e2a2359-480d-3d03-b101-b87e7a7e3f03  |t 0 
952 f f |p ric  |a Texas A&M University  |b Rellis Campus  |c Joint Library Facility  |d Remote Storage  |t 0  |e QP551 .B97  |h Library of Congress classification  |i unmediated -- volume  |m A14800975066 
998 f f |a QP551 .B97  |t 0  |l Remote Storage